000 00298nam a22001337a 4500
008 170411b xxu||||| |||| 00| 0 eng d
020 _a9780131109360
041 _aeng
080 _a612.39
100 _a9
101 _aSHM
245 _aAMERICAN REGIONAL CUISINES
_cSACKETT, L
942 _2udc
_cBK
999 _c10305
_d10305